Share transaction, 3KZ Radio Pty. Ltd., application for approval of the acquisition of all the issued capital of HMA Broadcasters Pty. Ltd., Licensee company of 7LA Launceston, Tasmania /

Saved in:
Bibliographic Details
Corporate Author: Australian Broadcasting Tribunal
Format: Book
Language:English
Published: North Sydney, N.S.W. : The Tribunal, 1985.
Subjects:
LEADER 01242nam a2200301 a 4500
001 c000186897
003 CARM
005 20000912200655.0
008 880211s1985 xna f000 0 eng d
019 1 |a 3832746  |5 LACONCORD2021 
035 |a (OCoLC)217229987  |5 LACONCORD2021 
040 |a NSL:R  |b eng  |c NSL:R  |d NSL:R 
042 |a anuc 
043 |a u-at-tm 
082 0 4 |a 384.54/30994  |2 19 
082 0 4 |a 384.54/30994  |2 19 
110 2 |a Australian Broadcasting Tribunal. 
245 1 0 |a Share transaction, 3KZ Radio Pty. Ltd., application for approval of the acquisition of all the issued capital of HMA Broadcasters Pty. Ltd., Licensee company of 7LA Launceston, Tasmania /  |c Australian Broadcasting Tribunal. 
260 |a North Sydney, N.S.W. :  |b The Tribunal,  |c 1985. 
300 |a 7 p. ;  |c 30 cm. 
500 |a Cover title. 
500 |a "323/84 O(R)". 
500 |a "February 1985". 
650 0 |a Radio broadcasting  |x Economic aspects  |z Tasmania. 
650 0 |a Radio stations  |x Economic aspects  |z Tasmania. 
852 8 |b CARM  |h A2:AR24F0  |i E01703  |p 0261133  |f BK 
999 f f |i 22bf609e-6fb9-5329-b330-f21b2eaeab52  |s 349fc69c-5523-5576-9f3c-430d1807b540 
952 f f |p Can circulate  |a CAVAL  |b CAVAL  |c CAVAL  |d CARM 1 Store  |e E01703  |f A2:AR24F0  |h Other scheme  |i book  |m 0261133